000 00941 a2200193 4500
005 20240802152318.0
010 _aB-758962
020 _a9789381154540
_c50.00
035 _aB-758962
037 _bउपहार
082 _a158.1
100 _aश्रीवास्तव, सुरेन्द्र
_969355
245 _aबच्चों के मैनर्स एवं अच्छी आदते/
_cसुरेन्द्र श्रीवास्तव
260 _aजयपुर
_bबालाजी पब्लिकेशन्स
_c2023
270 _a45-G गोवर्धन कॉलोनी न्यू सांगानेर रोड सोडाला
_bजयपुर
300 _a24 पृष्ठ.;
_c21cm. (आजिल्द)
942 _adpl
_cCH
_2ddc
_h158.1
_mश्रीवास्त
999 _c202704
_d202704